Vista normal
Vista MARC
Entrada Geographic Name
Número de registros utilizados en: 1
001 - CONTROL NUMBER
- control field: 41202
003 - CONTROL NUMBER IDENTIFIER
- control field: OSt
005 - DATE AND TIME OF LATEST TRANSACTION
- control field: 20230915232158.0
008 - FIXED-LENGTH DATA ELEMENTS
- fixed length control field: 230915|| aca||aabn | a|a d
040 ## - CATALOGING SOURCE
- Original cataloging agency: OSt
- Transcribing agency: OSt
151 ## - HEADING--GEOGRAPHIC NAME
- Geographic name: COLOMBIA - HISTORIA - ANECDOTAS, CHISTES, SATIRAS, ETC
670 ## - SOURCE DATA FOUND
- Source citation: Work cat.: (OSt)23987: Samper Pizano, Daniel, 1945 - 41198, El huevo es un traidor : , 2014